| 000 | 00500nam a22001932 4500 | ||
|---|---|---|---|
| 001 | 0000002859 | ||
| 005 | 20151217151906.0 | ||
| 008 | 070420s xx 000 0 eng d | ||
| 020 | _a0852421053 : | ||
| 040 |
_aKABU _cKABU |
||
| 050 | 0 |
_aPS3558 _b.I38O97 |
|
| 100 | 1 |
_aHijuelos, Oscar. _@0000152359 |
|
| 245 | 1 | 0 | _aOur house in the last world. |
| 260 |
_aNew York : _bPersea Books, _c1983. |
||
| 300 | _a235 p. | ||
| 908 | _a070420 | ||
| 950 | _@1 | ||
| 999 |
_c6060 _d6060 |
||